00503nam a2200157 a 4500003000500000005001700005008004100022020001800063050002400081100001800105245008400123260005600207300004200263650001500305650002500320SISC20170123142034.0111003s19uu xx 00 eng d a9780814415115 aHD 57.7b.B323 2011 aBacon, Terry. aThe elements of power :blessons on leadership and influence /cTerry R. Bacon. aNew York :bAmerican Management Association,c2011. a306 pages :billustrations ;c23 cm.  aLeadership aControl (Psychology)